Library Banner

Clinical cranio maxillofacila surgery / (Record no. 139947)

MARC details
000 -LEADER
fixed length control field 00427nam a22001577a 4500
005 - DATE AND TIME OF LATEST TRANSACTION
control field 20260303092539.0
008 - FIXED-LENGTH DATA ELEMENTS--GENERAL INFORMATION
fixed length control field 260303b |||||||| |||| 00| 0 eng d
020 ## - INTERNATIONAL STANDARD BOOK NUMBER
International Standard Book Number 9788131221839 (hbk)
040 ## - CATALOGING SOURCE
Transcribing agency PK-LaUMT
082 ## - DEWEY DECIMAL CLASSIFICATION NUMBER
Classification number 617.643
Item number BAL-C
100 ## - MAIN ENTRY--PERSONAL NAME
Personal name Balaji, S. M.
245 ## - TITLE STATEMENT
Title Clinical cranio maxillofacila surgery /
Statement of responsibility, etc by S. M. Balaji
260 ## - PUBLICATION, DISTRIBUTION, ETC. (IMPRINT)
Place of publication, distribution, etc New Delhi :
Name of publisher, distributor, etc Elsevier,
Date of publication, distribution, etc 2017
300 ## - PHYSICAL DESCRIPTION
Extent 520 p.
942 ## - ADDED ENTRY ELEMENTS (KOHA)
Koha item type Books
Holdings
Withdrawn status Lost status Damaged status Home library Current library Date acquired Full call number Barcode Date last seen Price effective from Koha item type
      UMT Health Sciences Campus UMT Health Sciences Campus 2026-03-03 617.643 BAL-C 152062 2026-03-03 2026-03-03 Books